[Event "EU-ch U18 Girls 26th"]
[Site "Prague"]
[Date "2016.08.20"]
[Round "3"]
[White "Roklicer, Heike"]
[Black "Pilsan, Martha"]
[Result "1-0"]
[WhiteElo "1936"]
[BlackElo "1640"]
[PlyCount "85"]
[EventDate "2016.08.18"]
[EventType "swiss"]
[EventRounds "9"]
[EventCountry "CZE"]
[SourceTitle "CBM 174 Extra"]
[Source "ChessBase"]
[SourceDate "2016.10.10"]
[SourceVersion "1"]
[SourceVersionDate "2016.10.10"]
[SourceQuality "1"]

1. d4 d5 2. c4 c6 3. Nc3 Nf6 4. Nf3 dxc4 5. a4 c5 6. e3 cxd4 7. Qxd4 Qxd4 8. Nxd4 e5 9. Ndb5 Na6 10. Bxc4 Bb4 11. 0-0 Be6 12. Bxe6 fxe6 13. Na2 Be7 14. Bd2 Ne4 15. Bc3 Nxc3 16. Naxc3 0-0 17. Rfd1 Nc5 18. b4 Na6 19. Nd6 Nxb4 20. Nxb7 Bf6 21. Rab1 a5 22. Nxa5 Nd5 23. Nxd5 Rxa5 24. Nxf6+ gxf6 25. Rb4 Rfa8 26. Ra1 Kf7 27. Kf1 R8a7 28. Ke2 Ke7 29. Kd3 Kd6 30. Kc3 Kc6 31. Kb3 Kc7 32. Rc1+ Kd8 33. Rcc4 Rd5 34. Rg4 Kc7 35. Rg7+ Rd7 36. Rxd7+ Kxd7 37. Rb6 e4 38. Kb4 f5 39. a5 h6 40. a6 h5 41. Rb7+ Rxb7+ 42. axb7 Kc7 43. Kc5 1-0

[Event "AUT-ch (Women)"]
[Site "St Johann im Pongau"]
[Date "2016.07.28"]
[Round "6"]
[White "Pilsan, Martha"]
[Black "Tschida, Verena"]
[Result "1-0"]
[WhiteElo "1640"]
[BlackElo "1653"]
[PlyCount "97"]
[EventDate "2016.07.23"]
[EventType "tourn"]
[EventRounds "9"]
[EventCountry "AUT"]
[SourceTitle "CBM 173 Extra"]
[Source "ChessBase"]
[SourceDate "2016.08.29"]
[SourceVersion "1"]
[SourceVersionDate "2016.08.29"]
[SourceQuality "1"]

1. e4 c5 2. Nf3 Nc6 3. d4 cxd4 4. Nxd4 g6 5. Be3 Bg7 6. Nc3 d6 7. Qd2 Bd7 8. 0-0-0 Nf6 9. f3 0-0 10. g4 Ne5 11. Be2 Qc8 12. Bh6 Nc4 13. Bxc4 Qxc4 14. h4 b5 15. Bxg7 Kxg7 16. Nb3 b4 17. g5 bxc3 18. gxf6+ exf6 19. Qxc3 Qxc3 20. bxc3 Rfc8 21. Rxd6 Bb5 22. Nd4 Bc4 23. a4 Rc5 24. Rc6 Rc8 25. Rxc8 Rxc8 26. Kd2 Rc5 27. Rb1 Rh5 28. Rb7 Rxh4 29. Rxa7 Rh2+ 30. Ke3 h5 31. Rc7 Ba6 32. Rc6 Bb7 33. Rb6 Bc8 34. Rb1 h4 35. a5 h3 36. c4 Rg2 37. Ne2 h2 38. Rh1 Ba6 39. f4 Bxc4 40. Nd4 Rg3+ 41. Nf3 Rh3 42. Rxh2 Rxh2 43. Nxh2 Kf8 44. Kd4 Be2 45. c4 g5 46. fxg5 fxg5 47. a6 g4 48. Nxg4 Bxg4 49. a7 1-0

[Event "AUT-ch U16/18 Girls"]
[Site "St Veit"]
[Date "2016.03.20"]
[Round "1"]
[White "Pilsan, Martha"]
[Black "Mayrhuber, Nikola"]
[Result "0-1"]
[WhiteElo "1644"]
[BlackElo "1929"]
[PlyCount "128"]
[EventDate "2016.03.20"]
[EventType "swiss"]
[EventRounds "7"]
[EventCountry "AUT"]
[SourceTitle "CBM 171 Extra"]
[Source "ChessBase"]
[SourceDate "2016.04.26"]
[SourceVersion "1"]
[SourceVersionDate "2016.04.26"]
[SourceQuality "1"]

1. e4 e6 2. d3 d5 3. Nd2 Nf6 4. Ngf3 c5 5. g3 Nc6 6. Bg2 g6 7. 0-0 Bg7 8. Re1 0-0 9. Qe2 b6 10. Nf1 Bb7 11. e5 Nd7 12. Bf4 Qc7 13. h4 Rad8 14. N1h2 Rfe8 15. Ng4 Nd4 16. Nxd4 cxd4 17. h5 Rc8 18. Rac1 b5 19. h6 Bh8 20. Bg5 b4 21. Qf3 f5 22. exf6 Kf7 23. Bh3 Rcd8 24. Re2 e5 25. Rce1 Qd6 26. Kh2 e4 27. dxe4 dxe4 28. Qf4 Nxf6 29. Qxd6 Rxd6 30. Bf4 Nxg4+ 31. Bxg4 Be5 32. Bxe5 Rxe5 33. Bf3 Rde6 34. Bg2 Re7 35. Rd1 Ba6 36. Ree1 d3 37. cxd3 exd3 38. Rxe5 Rxe5 39. Bf1 Rd5 40. Kg2 Ke6 41. f4 Rd4 42. Kf3 Kd5 43. Bg2 Kc5 44. Ke3 Rd7 45. Bf1 Re7+ 46. Kd2 Kd4 47. Rc1 Bc4 48. b3 Bb5 49. Rc8 Rd7 50. Re8 Rd5 51. Bg2 Rh5 52. Rd8+ Kc5 53. Rc8+ Kd6 54. Rd8+ Ke6 55. Be4 Rh2+ 56. Ke3 Re2+ 57. Kf3 d2 58. Bc2 Ke7 59. Rd4 a6 60. Rd5 Rh2 61. Re5+ Kd6 62. Re4 Bc6 63. Ke3 Bxe4 64. Kxe4 Rh1 0-1

[Event "Styrian op-B"]
[Site "Bad Gleichenberg"]
[Date "2014.07.13"]
[Round "9"]
[White "Pilsan, Martha"]
[Black "Meixner, Peter"]
[Result "0-1"]
[WhiteElo "1496"]
[BlackElo "1772"]
[PlyCount "169"]
[EventDate "2014.07.05"]
[EventType "swiss"]
[EventRounds "9"]
[EventCountry "AUT"]
[SourceTitle "EXT 2016"]
[Source "ChessBase"]
[SourceDate "2015.10.08"]
[SourceVersion "1"]
[SourceVersionDate "2015.10.08"]
[SourceQuality "1"]

1. e4 e5 2. Nf3 Nf6 3. Nc3 Nc6 4. d4 exd4 5. Nxd4 Bb4 6. Nxc6 bxc6 7. Bd3 0-0 8. 0-0 Re8 9. Qf3 h6 10. Ne2 d5 11. c3 Bg4 12. Qg3 Bd6 13. Bf4 Bxe2 14. Bxe2 Rxe4 15. Bxd6 Qxd6 16. Qxd6 cxd6 17. Bf3 Re6 18. Rad1 Rb8 19. b3 Ne4 20. Rd3 Ng5 21. Bg4 Re7 22. Rfd1 Rbe8 23. Kf1 g6 24. h4 Ne6 25. c4 Nc7 26. Bf3 dxc4 27. bxc4 d5 28. cxd5 Nxd5 29. Bxd5 cxd5 30. Rxd5 Re2 31. R5d2 R2e4 32. g3 Ra4 33. Rc2 Re7 34. Rb2 Kg7 35. Kg2 Ra3 36. Rc2 a5 37. Rd6 Ra4 38. Ra6 Re6 39. Ra7 Rf6 40. Ra8 Re6 41. Ra7 Kf6 42. Rd2 Ra3 43. Rd5 a4 44. Rd4 Rxa2 45. Rdxa4 Rb2 46. Rf4+ Ke5 47. Raxf7 Rbb6 48. Rf3 Kd5 49. Rh7 h5 50. Rd7+ Ke5 51. Re3+ Kf6 52. Rxe6+ Rxe6 53. Rd2 Ra6 54. f3 Re6 55. g4 hxg4 56. fxg4 Re4 57. Rf2+ Kg7 58. Kg3 Ra4 59. Rf3 Rb4 60. Rc3 Rd4 61. Kf3 Ra4 62. Re3 Rb4 63. Re4 Rb5 64. Kf4 Ra5 65. Rb4 Rc5 66. Rb7+ Kg8 67. Re7 Kf8 68. Re6 Kf7 69. Rd6 Kg7 70. Re6 Rc4+ 71. Kg5 Rc5+ 72. Kf4 Rc4+ 73. Re4 Rc5 74. g5 Rf5+ 75. Kg4 Rf1 76. Re3 Rg1+ 77. Kf4 Rf1+ 78. Ke5 Rh1 79. Re4 Rf1 80. Ke6 Ra1 81. Rd4 Re1+ 82. Kd7 Re2 83. Kd8 Re3 84. Rd7+ Kg8 85. Re7 0-1

[Event "AUT-ch U14 Girls"]
[Site "Tschagguns"]
[Date "2012.05.29"]
[Round "7"]
[White "Pilsan, Martha"]
[Black "Stallinger, Vanessa"]
[Result "0-1"]
[WhiteElo "1402"]
[BlackElo "1526"]
[PlyCount "96"]
[EventDate "2012.05.26"]
[EventType "swiss"]
[EventRounds "7"]
[EventCountry "AUT"]
[SourceTitle "CBM 148 Extra"]
[Source "ChessBase"]
[SourceDate "2012.06.22"]
[SourceVersion "1"]
[SourceVersionDate "2012.06.22"]
[SourceQuality "1"]

1. e4 e5 2. Nf3 Nc6 3. d4 exd4 4. Nxd4 Nf6 5. Nxc6 bxc6 6. e5 Qe7 7. Qe2 Nd5 8. c4 Ba6 9. b3 Qh4 10. g3 Bb4+ 11. Nd2 Qd4 12. Rb1 Nc3 13. Bb2 Nxe2 14. Bxd4 Nxd4 15. Bg2 Bxd2+ 16. Kxd2 Rb8 17. Rhe1 Bb7 18. Kc3 c5 19. Bxb7 Rxb7 20. f4 0-0 21. b4 Nf3 22. bxc5 Rfb8 23. Rxb7 Rxb7 24. Rd1 c6 25. h3 g5 26. Rf1 g4 27. hxg4 Nh2 28. Re1 Nxg4 29. f5 Kf8 30. Re4 Nh6 31. f6 Rb1 32. Rh4 Ng8 33. Rxh7 Re1 34. Rg7 Rxe5 35. Rg4 Nxf6 36. Rf4 Ke7 37. Kb4 Ne4 38. Rf1 Nxg3 39. Rg1 Re3 40. a3 f5 41. Rg2 f4 42. Rf2 f3 43. a4 Ne4 44. Rh2 f2 45. Rh7+ Ke6 46. Rh6+ Kf5 47. Rh5+ Kg4 48. Rh1 Re1 0-1

[Event "AUT-ch U14 Girls"]
[Site "Tschagguns"]
[Date "2012.05.26"]
[Round "1"]
[White "Trippold, Denise"]
[Black "Pilsan, Martha"]
[Result "1-0"]
[WhiteElo "1806"]
[BlackElo "1402"]
[PlyCount "67"]
[EventDate "2012.05.26"]
[EventType "swiss"]
[EventRounds "7"]
[EventCountry "AUT"]
[SourceTitle "CBM 148 Extra"]
[Source "ChessBase"]
[SourceDate "2012.06.22"]
[SourceVersion "1"]
[SourceVersionDate "2012.06.22"]
[SourceQuality "1"]

1. d4 Nf6 2. c4 g6 3. Nf3 Bg7 4. Nc3 0-0 5. e4 d6 6. h3 e5 7. d5 Ne8 8. g4 Nd7 9. Be2 a6 10. Be3 Ndf6 11. Bg5 Bd7 12. b4 c5 13. a3 Rb8 14. 0-0 b5 15. bxc5 Qa5 16. Bd2 bxc4 17. c6 Bc8 18. Bxc4 Qc5 19. Qa4 Qa7 20. Be3 Qa8 21. Rab1 Rxb1 22. Rxb1 Nc7 23. Rb6 h5 24. Qb3 Bxg4 25. hxg4 h4 26. Nd2 Kh7 27. Rb7 Rc8 28. Ra7 Rb8 29. Qc2 Qxa7 30. Bxa7 Rh8 31. Qb3 Na8 32. Qb7 Bh6 33. Nb3 Kg7 34. c7 1-0

[Event "AUT-ch U16 Girls"]
[Site "Untersiebenbrunn"]
[Date "2012.04.02"]
[Round "3"]
[White "Strafinger, Elisabeth"]
[Black "Pilsan, Martha"]
[Result "1-0"]
[WhiteElo "1669"]
[BlackElo "1550"]
[PlyCount "121"]
[EventDate "2012.04.01"]
[EventType "swiss"]
[EventRounds "7"]
[EventCountry "AUT"]
[SourceTitle "CBM 147 Extra"]
[Source "ChessBase"]
[SourceDate "2012.04.24"]
[SourceVersion "1"]
[SourceVersionDate "2012.04.24"]
[SourceQuality "1"]

1. e4 e5 2. Nf3 Nc6 3. Bb5 a6 4. Ba4 Nf6 5. 0-0 b5 6. Bb3 d6 7. Re1 Bg4 8. c3 Be7 9. h3 Bh5 10. Bc2 Qd7 11. d3 0-0 12. Kh1 h6 13. Rg1 Kh8 14. g4 Nxg4 15. hxg4 Bxg4 16. Rxg4 Qxg4 17. Nh2 Qxd1+ 18. Bxd1 f5 19. Bf3 f4 20. Ng4 h5 21. Nh2 g6 22. Nd2 Bf6 23. b3 Rad8 24. Bb2 Kh7 25. Kg2 Kh6 26. Be2 g5 27. f3 Rg8 28. Kf2 Rg7 29. Rb1 Rdg8 30. Rg1 Ne7 31. a4 d5 32. axb5 axb5 33. Ba3 c6 34. c4 bxc4 35. bxc4 Rd8 36. cxd5 cxd5 37. Nb3 dxe4 38. dxe4 Nc6 39. Rc1 Nd4 40. Nxd4 Rxd4 41. Bf8 Rdd7 42. Bxg7+ Rxg7 43. Rc6 Kg6 44. Nf1 h4 45. Nh2 Rh7 46. Ng4 Rf7 47. Nxe5+ Kg7 48. Nxf7 Kxf7 49. Bc4+ Kg7 50. Kg2 Bd4 51. Kh3 Bf6 52. Kg4 Bd8 53. Rd6 Bf6 54. Kf5 Bc3 55. Kxg5 h3 56. Rh6 Ba5 57. Rxh3 Bc7 58. Rh1 Be5 59. Rd1 Kh7 60. Rd7+ Bg7 61. Kxf4 1-0

[Event "AUT-ch U16 Girls"]
[Site "Vienna"]
[Date "2011.04.17"]
[Round "2.6"]
[White "Pilsan, Martha"]
[Black "Wu, Min"]
[Result "0-1"]
[WhiteElo "1327"]
[BlackElo "1439"]
[PlyCount "62"]
[EventDate "2011.04.17"]
[EventType "swiss"]
[EventRounds "7"]
[EventCountry "AUT"]
[SourceTitle "EXT 2024"]
[Source "ChessBase"]
[SourceDate "2023.10.10"]
[SourceVersion "1"]
[SourceVersionDate "2023.10.10"]
[SourceQuality "1"]

1. e4 e5 2. Nf3 Nc6 3. Nc3 Nf6 4. d4 exd4 5. Nxd4 Bb4 6. Nxc6 bxc6 7. Bd3 d5 8. exd5 cxd5 9. 0-0 0-0 10. Bg5 c6 11. Qf3 Bd6 12. Rfe1 Rb8 13. Rab1 h6 14. Bh4 g5 15. Bg3 Bg4 16. Qe3 Bxg3 17. fxg3 d4 18. Qe5 dxc3 19. Qxc3 Nd5 20. Qxc6 Qb6+ 21. Qxb6 Rxb6 22. c4 Nb4 23. Re4 Bf5 24. Rd1 Nxd3 25. Rxd3 Bxe4 26. Rd7 Rxb2 27. Rxa7 Rc8 28. Ra4 Bc2 29. Ra6 Rxc4 30. Rxh6 Bg6 31. Rxg6+ fxg6 0-1

[Event "AUT-ch U12 Girls"]
[Site "Eisenstadt"]
[Date "2010.05.24"]
[Round "6.5"]
[White "Vogel, Doris"]
[Black "Pilsan, Martha"]
[Result "1-0"]
[WhiteElo "1460"]
[BlackElo "1316"]
[PlyCount "69"]
[EventDate "2010.05.22"]
[EventType "swiss"]
[EventRounds "7"]
[EventCountry "AUT"]
[SourceTitle "EXT 2024"]
[Source "ChessBase"]
[SourceDate "2023.10.10"]
[SourceVersion "1"]
[SourceVersionDate "2023.10.10"]
[SourceQuality "1"]

1. d4 d5 2. c4 dxc4 3. Nf3 Nf6 4. e3 Bf5 5. Bxc4 e6 6. 0-0 Be7 7. Nc3 0-0 8. Rb1 Bxb1 9. Nxb1 c5 10. Qb3 Qd7 11. Rd1 Rd8 12. Ne5 Qc8 13. d5 exd5 14. Bxd5 Nxd5 15. Rxd5 Rf8 16. h3 Nc6 17. Rd7 Nxe5 18. Rxe7 Nd7 19. e4 b6 20. Nc3 Qc6 21. e5 Kh8 22. e6 c4 23. Qb5 Qxb5 24. Nxb5 Ne5 25. Nc7 Rad8 26. Kh2 Rd6 27. Bf4 f6 28. Nb5 Rd5 29. Bxe5 Rxb5 30. Rf7 Re8 31. e7 Rg8 32. Bc7 Rc5 33. Rf8 Rxc7 34. Rxg8+ Kxg8 35. e8Q# 1-0